| 000 | 01291nam a2200349Ia 4500 | ||
|---|---|---|---|
| 001 | ebr10007046 | ||
| 003 | CaPaEBR | ||
| 006 | m u | ||
| 007 | cr cn||||||||| | ||
| 008 | 021004s2002 mau s 001 0 eng d | ||
| 020 | _z9780080477213 | ||
| 020 | _z1928994814 | ||
| 040 |
_aCaPaEBR _cCaPaEBR |
||
| 035 | _a(OCoLC)70735358 | ||
| 050 | 1 | 4 |
_aQA76.625 _b.J67 2002eb |
| 082 | 0 | 4 |
_a005.2/769 _221 |
| 100 | 1 | _aJorgensen, David. | |
| 245 | 1 | 0 |
_aDeveloping .NET web services with XML _h[electronic resource] / _cDavid Jorgensen. |
| 260 |
_aRockland, Mass. : _bSyngress Publishing, Inc., _cc2002. |
||
| 300 | _a481 p. | ||
| 500 | _aIncludes index. | ||
| 500 | _aTitle from title screen. | ||
| 533 |
_aElectronic reproduction. _bPalo Alto, Calif. : _cebrary, _d2009. _nAvailable via World Wide Web. _nAccess may be limited to ebrary affiliated libraries. |
||
| 650 | 0 |
_aApplication software _xDevelopment. |
|
| 650 | 0 | _aComputer network architectures. | |
| 650 | 0 | _aInternet programming. | |
| 650 | 0 | _aMicrosoft .NET Framework. | |
| 650 | 0 | _aXML (Document markup language) | |
| 655 | 7 |
_aElectronic books. _2local |
|
| 710 | 2 | _aebrary, Inc. | |
| 856 | 4 | 0 |
_uhttp://site.ebrary.com/lib/rucke/Doc?id=10007046 _zAn electronic book accessible through the World Wide Web; click to view |
| 999 |
_c400 _d400 |
||